| 000 | 00884nam a2200229 4500 | ||
|---|---|---|---|
| 001 | 120776 | ||
| 003 | ES-MaACL | ||
| 005 | 20230906191624.0 | ||
| 007 | t| | ||
| 008 | 070214s1910 fr r ||||1| fre d | ||
| 245 | 0 | 3 |
_aLa politique budgétaire en Europe : _bles tendances actuelles : conferences organisees á la Societé des Anciens élèves de l'Ecole libre des sciences politiques / _cpreface de François Lefort, E. Parent. |
| 260 |
_aParis : _bEvreux Ch. Herissey, _c1910. |
||
| 300 |
_aXIV, 316 p. ; _c19 cm. |
||
| 490 | 1 | _aBibliothèque d'histoire contemporaine | |
| 651 | 4 |
_aEuropa- _xPolítica fiscal. _9172901 |
|
| 700 | 1 |
_aLefort, François. _971250 |
|
| 700 | 1 |
_aParent, E. _989085 |
|
| 710 | 2 |
_aÉcole libre des sciences politiques (Paris) _93414 |
|
| 830 | 1 |
_aBibliothèque d'histoire contemporaine _9180875 |
|
| 852 |
_aES-MaACL _jF-7968 |
||
| 999 |
_c120776 _d120776 |
||